Responses for Show #1181 - Monday, October 23, 1989

Contestants

[<< previous game]

Jay Wish, a physician from Shaker Heights, Ohio

Roberta Simon, a lawyer from San Francisco, California

Charley Horan, a photographic representative from Manhattan Beach, California (whose 3-day cash winnings total $25,400)

[next game >>]

Jeopardy! Round responses

FIRST LADIES
WORLD RELIGION
SPORTS & GAMES
INSECTS
BRITISH MUSICALS
STARTS & ENDS WITH "T"
    $100 7
Bess Truman

Jay
    $100 16
catechism

Jay
    $100 1
baseball

Charley
    $100 6
the weevil

Jay
    $100 21
Winston Churchill

Charley
    $100 12
Trident

Jay
    $200 8
Mary Todd Lincoln

Roberta
    $200 17
Brahmin

Charley
    $200 2
craps

Triple Stumper
    $200 22
W. Somerset Maugham

Jay
    $200 13
a tryst

Jay
    $300 9
Pat Nixon

Jay
    $300 18
the Anglican Church (or Episcopalian)

Jay
    $300 3
water polo

Charley
    $1,000 23
Oliver

Jay
    $300 14
Tibet

Charley
    $400 10
a lady bird

Roberta
    $400 19
the Messiah

Jay
    $400 4
the Tour de France

Charley
    $400 24
Joseph and the Amazing Technicolor Dreamcoat

Jay
    $400 15
a taxidermist

Jay
    $500 11
Abigail Adams

Charley
    $500 20
(Roberta: What is Hindu?)

(Charley: What is Shinto?)

Confucianism

CharleyRoberta
Triple Stumper
    $500 5
bocce

Charley
    $500 25
Jesus Christ Superstar

Jay
    $500 26
[End-of-round signal sounds]

a tenderfoot

Jay

Scores at the first commercial break (after clue 15):

Charley Roberta Jay
$2,100 $600 $1,200

Scores at the end of the Jeopardy! Round:

Charley Roberta Jay
$1,900 $100 $4,600

Double Jeopardy! Round responses

THE 20TH CENTURY
LITERARY SETTINGS
ART
THE 50 STATES
DANCERS
PALACES
    $200 2
Trotsky

Charley
    $200 1
New York

Charley
    $200 13
the Last Supper

Jay
    $200 8
Florida

Jay
    $200 20
(Bill) Robinson

Charley
    $200 24
Versailles

Charley
    $400 3
the Suez crisis

Roberta
    $400 4
Brave New World

Jay
    $2,000 17
(Jay: What is Kilimanjaro?)

Mount Fuji

Jay
    $400 9
Virginia

Roberta
    $400 21
Cyd Charisse

Charley
    $400 27
the Alhambra

Triple Stumper
    $600 5
the Cultural Revolution

Charley
    $1,000 11
Purgatory, Hell & Heaven

Roberta
    $600 18
(Roberta: Who is Michelangelo?)

Botticelli

RobertaJay
    $600 10
(Charley: What is Montana?)

(Roberta: What is Colorado?)

Wyoming

CharleyRoberta
Triple Stumper
    $600 22
the Murrays (Arthur & Kathryn)

Jay
    $600 28
[The end-of-the-round signal sounds.]

the Winter Palace

Triple Stumper
    $800 6
the Mau Mau

Triple Stumper
    $800 12
(Jay: What is The Bridge over San Luis Rey?)

The Bridge of San Luis Rey

CharleyJay
    $800 19
(Charley: Who is Lautrec?)

Picasso

CharleyRoberta
    $800 15
(Jay: What is Mississippi?)

Alabama

RobertaJay
    $800 25
Leslie Caron

Charley
    $1000 7
(Roberta: What was NATO?)

the European Common Market

Roberta
Triple Stumper
    $1000 14
The Tempest

Jay
    $1000 23
(Jay: Who is A.A. Milne?)

(Alex: We've got a minute left in the round.)

Lewis Carroll

Jay
Triple Stumper
    $1000 16
Massachusetts

Jay
    $1000 26
Ruby Keeler

Triple Stumper

Scores at the end of the Double Jeopardy! Round:

Charley Roberta Jay
$3,900 $1,300 $4,000

[wagering suggestions for these scores]

Final Jeopardy! Round responses

COUNTRIES OF THE WORLD
(Alex: As opposed to countries on Mars.)
RobertaWhat is Liberia?
$1,300
CharleyWhat is Lyberia?
$3,900
JayWhat is Liberia?
$3,801
Liberia

Final scores:

Charley Roberta Jay
$7,800 $2,600 $7,801
2nd place: Ashley bedroom group and Waverly bedroom ensemble 3rd place: Oneida silversmith gift certificate & Nintendo system featuring Jeopardy! and Wheel of Fortune New champion: $7,801

Game dynamics:

Coryat scores:

Charley Roberta Jay
$3,900 $900 $5,300
16 R,
3 W
7 R
(including 1 DD),
4 W
21 R
(including 1 DD),
4 W
(including 1 DD)

Combined Coryat: $10,100

[game clues] [game scores] [suggest correction]

Game tape date: 1989-06-27
The J! Archive is created by fans, for fans. Scraping, republication, monetization, and malicious use prohibited; this site may use cookies and collect identifying information. See terms. The Jeopardy! game show and all elements thereof, including but not limited to copyright and trademark thereto, are the property of Jeopardy Productions, Inc. and are protected under law. This website is not affiliated with, sponsored by, or operated by Jeopardy Productions, Inc. Join the discussion at JBoard.tv.